00928nam a2200241 i 4500001000300000100002100003245012000024250002600144260002700170300003600197490007300233500005600306504002200362650001500384655003000399830007300429020001500502040000800517041000800525080001400533008004100547856009800588bg1 aKOROŃSKI, Jan.10aWykłady i ćwiczenia z matematyki dla studentów zaocznych studiów politechnicznych.nCz. 2 /cJan Koroński. aWyd. 2. popr. i uzup. aKraków :bPK,c2003. a268 s. :brys., wykr. ;c24 cm.1 aPomoc Dydaktyczna / Politechnika Krakowska im. Tadeusza Kościuszki aTyt. grzbiet.: Wykłady i ćwiczenia z matematyki. aBibliogr. s. 268. 9aMatematyka aPodręczniki akademickie 0aPomoc Dydaktyczna (Politechnika Krakowska im. Tadeusza Kościuszki) a8372422737 cBPK0 apol a51(075.8) s pl f |000 0 pol  uhttp://koha.tu.koszalin.pl/cgi-bin/koha/opac-detail.pl?biblionumber=44392yKatalog online BPK